000 00689cab a2200217 4500
001 WB2635-31
008 090401t1990 xxu||||| |||| 00| 0 eng d
035 _a(Sirsi) u57400
041 _aeng
245 _aValuation of a painting
260 _c1990
350 _a0
490 _aAntiques Trade Gazette
_vno 952, 8/9/90 p1
520 _aThe High Court is to decide the correct value of a painting for taxation purposes, following an appeal by an art dealer against a decision of the Inland Revenue Commissioners.
650 _aArts and antiques
_96217
650 _aINDEXATION ALLOWANCE
650 _aValuation
_96273
690 _aTAXATION
942 _n0
948 _c04/03/1997
999 _c34995
_d34995